Inazuma Eleven - Trouve le prénom (2) - Statistiques

Statistiques générales
  • Ce quiz a été pris 1 282 fois
  • Le résultat moyen est 9 sur 14
Statistiques - réponses
Hint Réponse % Correct
Frost Shawn
94%
Stonewall Caleb
92%
Dark Ray
92%
Banyan Scotty
89%
Kane Hurley
87%
Vanguard Tori
75%
Feldt Thomas
71%
Hartland Sue
69%
Soundtown Cadence
53%
Cimmerian Shadow
50%
Night Malcolm
42%
Master Allan
38%
Fordline Mackenzie
29%
Waldon Herman
21%
Aucun quiz correspondant
Distribution des résultats
% des personnes avec chaque résultat
Percentile par nombre de réponses
Votre historique - résultats
Vous n’avez pas pris ce quiz